Statistics for Which Country Does Not Border...

Click here to take the quiz!

General Stats

  • This quiz has been taken 24,717 times
    (24,659 since last reset)
  • The average score is 12 of 18

Answer Stats

Question Answer % Correct
EgyptMorocco
89%
GermanyItaly
86%
ChinaJapan
83%
UkraineSerbia
82%
BrazilChile
77%
EthiopiaTanzania
75%
IndonesiaThailand
75%
ArgentinaPeru
70%
South AfricaZambia
65%
MyanmarVietnam
64%
Saudi ArabiaSyria
63%
VenezuelaSuriname
61%
FranceLiechtenstein
60%
GuatemalaNicaragua
50%
CroatiaItaly
49%
AfghanistanIndia
49%
RussiaArmenia
48%
TurkeyLebanon
42%

Score Distribution

Percentile by Number Answered

Percent of People with Each Score

Your Score History

You have not taken this quiz since the last reset